| 000 | 02114cam a2200565 a 4500 | ||
|---|---|---|---|
| 001 | 20376 | ||
| 003 | VRT | ||
| 005 | 20260121145625.0 | ||
| 008 | 250604s1991 xo o gr 000 0 slo | ||
| 015 | _aSNBA1991/11 | ||
| 020 |
_a8022600199 _q(viazané) |
||
| 035 | _aSNK000007147 | ||
| 035 | _aurn:nbn:sk:snk-amli7q | ||
| 035 | _aurn:nbn:sk:snk-am00bn9f | ||
| 035 | _a5C0C3ACC-9881-4DCB-8AB6-068C765C5302 | ||
| 039 | 9 |
_a202506040850 _bVLOAD _c202412091332 _dAUTHORITY _c202412091320 _dAUTHORITY _c202411061242 _dmsnk160 |
|
| 040 |
_aSNK _bslo _cSNK _eAACR2 |
||
| 041 | 0 |
_aslo _beng _brus _bger |
|
| 043 | _aa-cc--- | ||
| 044 |
_axo _cSK |
||
| 072 | 7 |
_a913 _xRegionálna geografia _2konspekt |
|
| 080 |
_a913 _22011 |
||
| 080 |
_a908(...) _22011 |
||
| 080 |
_a(084.12) _22011 |
||
| 080 |
_a(510) _22011 |
||
| 100 | 1 |
_aDoležalová, Anna, _d1935-1992 _4aut |
|
| 245 | 1 | 0 |
_aČína _cAnna Doležalová ; [autor fotografií: Zdeněk Thoma] |
| 250 | _aVydanie v slovenčine prvé | ||
| 260 |
_aBratislava _bČSTK-Pressfoto _c1991 |
||
| 300 |
_a126 strán _bfarebné fotografie _c32 cm |
||
| 500 | _aRozložený ilustrovaný titulný list. Mapy na predsádkach. Mimo edície | ||
| 500 | _aVydané v spolupráci s Účastinnou spoločnosťou pre zahraničný obchod Slovart | ||
| 546 | _aAnglické, ruské a nemecké resumé | ||
| 650 | 0 | 7 |
_aregionálna geografia _2SNKPH |
| 650 | 0 | 7 |
_areálie _2SNKPH |
| 651 | 7 |
_aČína _2SNKPHgeo |
|
| 655 | 7 |
_afotografické publikácie _2SNKPH |
|
| 700 | 1 |
_aThoma, Zdeněk, _d1938- _4ill |
|
| 710 | 2 |
_aSlovart (vydavateľstvo) _4clb |
|
| 942 |
_2ddc _cOLDO _n0 |
||
| 949 |
_6273K0265394 _asvkpoC 24132 _bsvkpo372447 _oPV 328/91 |
||
| 949 |
_6273K0473655 _asvkpoC 24132a _bsvkpo372694 _oPV 328/91 |
||
| 949 |
_617A0095320 _asnkSB 47881 D1 |
||
| 949 |
_62889028359 _asavukV 37764 |
||
| 949 |
_6270001000350703 _asvkbbD 651 _bsvkbbm 558393 |
||
| 949 |
_617A0873895 _asnkSB 47881 _bsnkKSP 2737/91 _s6100:20160606 |
||
| 949 |
_63830001094892 _akurukV1.2/110 _bkuruk2014/F2034 _oD2014/Hošman |
||
| 999 |
_c20376 _d20376 |
||